[Event "POL-chT Academic"]
[Site "Katowice"]
[Date "2018.02.04"]
[Round "9.23"]
[White "Dzikowski, Michal"]
[Black "Palasz, Krzysztof"]
[Result "0-1"]
[WhiteElo "2158"]
[BlackElo "1808"]
[PlyCount "128"]
[EventDate "2018.02.03"]
[EventType "team-swiss (rapid)"]
[EventRounds "9"]
[EventCountry "POL"]
[SourceTitle "CBM 182 Extra"]
[Source "ChessBase"]
[SourceDate "2018.02.23"]
[SourceVersion "1"]
[SourceVersionDate "2018.02.23"]
[SourceQuality "1"]
[WhiteTeam "Wroclaw PWr"]
[BlackTeam "Poznan UE"]
[WhiteTeamCountry "POL"]
[BlackTeamCountry "POL"]

1. d4 d5 2. c4 c6 3. Nf3 Nf6 4. e3 e6 5. b3 Bd6 6. Bd3 0-0 7. 0-0 Nbd7 8. Bb2 Re8 9. Ne5 g6 10. Nd2 c5 11. Ndf3 Ne4 12. Bxe4 dxe4 13. Nd2 f5 14. Nxd7 Qxd7 15. f3 exf3 16. Nxf3 Qc7 17. Qe2 b6 18. e4 fxe4 19. Qxe4 Bb7 20. Qh4 cxd4 21. Ng5 Re7 22. Bxd4 e5 23. Be3 Qc6 24. Rf2 Bc5 25. Qg3 h6 26. Bxc5 Qxc5 27. Nf3 Kh7 28. Nh4 Rg8 29. Raf1 e4 30. Kh1 Qc6 31. Rf7+ Rg7 32. Rxg7+ Rxg7 33. Qe5 a6 34. Re1 Qd7 35. Qg3 g5 36. Rf1 gxh4 37. Qxh4 e3 38. Rg1 Qg4 39. Qxg4 Rxg4 40. h3 Re4 41. Re1 Bc8 42. g4 h5 43. gxh5 Bxh3 44. Kh2 Bg4 45. Kg3 Kh6 46. Rf1 e2 47. Re1 Kxh5 48. Kf2 Kg5 49. Rh1 Rd4 50. a3 Rd3 51. b4 Rxa3 52. c5 bxc5 53. bxc5 Ra2 54. Rc1 Rd2 55. Re1 Rc2 56. Ra1 a5 57. c6 Rxc6 58. Rxa5+ Kf4 59. Ra4+ Kg5 60. Ra5+ Kh4 61. Ra1 Rf6+ 62. Kg1 Kg3 63. Ra3+ Bf3 64. Ra1 Rh6 0-1

[Event "POL-ch rapid"]
[Site "Trzcianka"]
[Date "2014.04.13"]
[Round "1"]
[White "Palasz, Krzysztof"]
[Black "Bartel, Mateusz"]
[Result "1-0"]
[WhiteElo "1794"]
[BlackElo "2659"]
[PlyCount "28"]
[EventDate "2014.04.13"]
[EventType "swiss (rapid)"]
[EventRounds "9"]
[EventCountry "POL"]
[SourceTitle "CBM 159 Extra"]
[Source "ChessBase"]
[SourceDate "2014.04.24"]
[SourceVersion "1"]
[SourceVersionDate "2014.04.24"]
[SourceQuality "1"]

1. d4 Nf6 2. c4 g6 3. Nc3 d5 4. cxd5 Nxd5 5. e4 Nxc3 6. bxc3 Bg7 7. Bg5 c5 8. Rc1 cxd4 9. cxd4 Nc6 10. d5 Nd4 11. Nf3 Nxf3+ 12. Qxf3 Qa5+ 13. Bd2 Qb6 14. Bc4 0-0 1-0

[Event "Poznan op 20th"]
[Site "Poznan"]
[Date "2011.07.23"]
[Round "8"]
[White "Chojnacki, Tomasz"]
[Black "Palasz, Krzysztof"]
[Result "0-1"]
[WhiteElo "1874"]
[BlackElo "1734"]
[PlyCount "82"]
[EventDate "2011.07.16"]
[EventType "swiss"]
[EventRounds "9"]
[EventCountry "POL"]
[SourceTitle "CBM 143 Extra"]
[Source "ChessBase"]
[SourceDate "2011.08.29"]
[SourceVersion "1"]
[SourceVersionDate "2011.08.29"]
[SourceQuality "1"]

1. e4 c5 2. Nf3 e6 3. d4 cxd4 4. Nxd4 Nc6 5. Nc3 Qc7 6. Be2 Nf6 7. Be3 Bb4 8. 0-0 Nxd4 9. Bxd4 e5 10. Nb5 Qb8 11. Bc3 Bc5 12. b4 Be7 13. f4 d6 14. Bd3 a6 15. Na3 b5 16. Kh1 Bb7 17. Qe2 0-0 18. Rae1 Nd7 19. Rf3 exf4 20. Rxf4 Ne5 21. Nb1 Qc7 22. a3 Rae8 23. Bd4 Bc8 24. Nc3 Bg5 25. Nd5 Qb7 26. Bxe5 Rxe5 27. Rff1 h5 28. Qf3 Bd2 29. Rd1 Bg4 30. Qg3 Bxd1 31. Rxd1 Bh6 32. h4 Kh8 33. Rf1 Qd7 34. Rf5 Rfe8 35. Rf3 Qb7 36. Qf2 f6 37. Qg3 f5 38. Qg6 fxe4 39. Bxe4 Rxe4 40. Nf6 Rxh4+ 41. Kg1 Qa7+ 0-1

[Event "Poznan op 20th"]
[Site "Poznan"]
[Date "2011.07.22"]
[Round "7"]
[White "Palasz, Krzysztof"]
[Black "Rozumek, Krzysztof"]
[Result "1-0"]
[WhiteElo "1734"]
[BlackElo "1929"]
[PlyCount "75"]
[EventDate "2011.07.16"]
[EventType "swiss"]
[EventRounds "9"]
[EventCountry "POL"]
[SourceTitle "CBM 143 Extra"]
[Source "ChessBase"]
[SourceDate "2011.08.29"]
[SourceVersion "1"]
[SourceVersionDate "2011.08.29"]
[SourceQuality "1"]

1. d4 Nf6 2. c4 e5 3. dxe5 Ng4 4. Nf3 Bc5 5. e3 Nc6 6. Nc3 Ngxe5 7. a3 a5 8. Be2 0-0 9. Nd4 Ne7 10. 0-0 f5 11. f4 N5g6 12. Kh1 Ra6 13. Rb1 Nc6 14. Nc2 Ra8 15. Qd5+ Kh8 16. Qxc5 Nge7 17. e4 d6 18. Qf2 fxe4 19. Nxe4 Bf5 20. Bf3 Qe8 21. Ne3 Bg6 22. Bd2 Rxf4 23. Nd5 Rf8 24. Rbe1 Qd7 25. Bc3 Rae8 26. Ng5 Nd8 27. h4 h6 28. Rxe7 Rxe7 29. Nxe7 Qxe7 30. Re1 Qd7 31. Nh3 Bh5 32. Re3 Bg6 33. Qg3 Bf5 34. Nf4 Rf7 35. Bh5 Rf8 36. Bg6 Nc6 37. Bxf5 Rxf5 38. Re8+ 1-0

[Event "Poznan op 20th"]
[Site "Poznan"]
[Date "2011.07.16"]
[Round "1"]
[White "Palasz, Krzysztof"]
[Black "Shishkin, Vadim"]
[Result "1-0"]
[WhiteElo "1734"]
[BlackElo "2457"]
[PlyCount "125"]
[EventDate "2011.07.16"]
[EventType "swiss"]
[EventRounds "9"]
[EventCountry "POL"]
[SourceTitle "CBM 143 Extra"]
[Source "ChessBase"]
[SourceDate "2011.08.29"]
[SourceVersion "1"]
[SourceVersionDate "2011.08.29"]
[SourceQuality "1"]

1. d4 g6 2. c4 Bg7 3. Nc3 Nf6 4. e4 0-0 5. Nf3 c6 6. d5 cxd5 7. exd5 e5 8. Bg5 h6 9. Bxf6 Qxf6 10. Rb1 d6 11. Bd3 Bg4 12. Be4 Na6 13. h3 Bf5 14. Nd2 Nc5 15. 0-0 Rfd8 16. b4 Nxe4 17. Ndxe4 Bxe4 18. Nxe4 Qh4 19. Qg4 Qe7 20. Nd2 Kh7 21. Rfd1 f5 22. Qe2 Rac8 23. Nb3 Qf7 24. Na5 Rd7 25. Qe3 a6 26. a4 e4 27. Rbc1 Re8 28. Qb3 e3 29. fxe3 Rde7 30. c5 Rxe3 31. Qc4 R3e4 32. Qb3 Bd4+ 33. Rxd4 Rxd4 34. cxd6 Kg8 35. Rc7 Re1+ 36. Kh2 Qxd5 37. d7 Qxb3 38. Nxb3 Rd3 39. Rc8+ Kf7 40. d8Q Rxd8 41. Rxd8 Rb1 42. Nc5 Rxb4 43. Rd7+ Kg8 44. Rxb7 Rc4 45. Rc7 a5 46. Ne6 Rxa4 47. Rg7+ Kh8 48. Rxg6 Kh7 49. Rg7+ Kh8 50. Ra7 Ra2 51. Kg3 a4 52. Nd4 f4+ 53. Kf3 Kg8 54. Ne2 Kf8 55. Nxf4 a3 56. Kg4 Ke8 57. g3 Kd8 58. Kh5 Kc8 59. Ra4 Kb7 60. g4 Kb6 61. g5 Kb5 62. Ra8 Kb4 63. g6 1-0

[Event "Kowalewo Pomorskie op-B 17th"]
[Site "Kowalewo Pomorskie"]
[Date "2010.07.08"]
[Round "6"]
[White "Mazalon, Mateusz"]
[Black "Palasz, Krzysztof"]
[Result "1/2-1/2"]
[WhiteElo "1837"]
[BlackElo "1704"]
[PlyCount "95"]
[EventDate "2010.07.04"]
[EventType "swiss"]
[EventRounds "9"]
[EventCountry "POL"]
[SourceTitle "EXT 2011"]
[Source "ChessBase"]
[SourceDate "2010.11.26"]
[SourceVersion "1"]
[SourceVersionDate "2010.11.26"]
[SourceQuality "1"]

1. e4 c5 2. Nf3 e6 3. c3 Nf6 4. e5 Nd5 5. d4 cxd4 6. cxd4 Nc6 7. a3 d6 8. Bd3 Qc7 9. Qc2 h6 10. 0-0 Bd7 11. Nc3 Nxc3 12. Qxc3 Rc8 13. Bf4 d5 14. Rac1 Be7 15. Bb1 Qb6 16. Qd2 Na5 17. Rxc8+ Bxc8 18. Qc2 Bd7 19. b4 Nc4 20. Qb3 Qa6 21. Bc1 Ba4 22. Qc3 Qc6 23. Bb2 Kd7 24. Nd2 Nxb2 25. Qxb2 Rc8 26. Nf3 Qc3 27. Qa2 Bb5 28. Re1 Bc4 29. Qc2 Qxa3 30. Re3 Qxb4 31. Qh7 Bf8 32. Bf5 Be2 33. g3 Bxf3 34. Rxf3 Re8 35. Bd3 a6 36. Rxf7+ Kc6 37. Qg6 Kb6 38. Rd7 Re7 39. Rd8 Qxd4 40. Rxf8 Qxe5 41. Qg4 Qe1+ 42. Kg2 e5 43. Qc8 Qb4 44. Qd8+ Rc7 45. Rf7 Qc5 46. Rxc7 Qxc7 47. Qxc7+ Kxc7 48. Kf3 1/2-1/2

[Event "Kowalewo Pomorskie op-B 16th"]
[Site "Kowalewo Pomorskie"]
[Date "2009.07.11"]
[Round "9"]
[White "Sokolowska, Aneta"]
[Black "Palasz, Krzysztof"]
[Result "1/2-1/2"]
[WhiteElo "1688"]
[BlackElo "1723"]
[PlyCount "29"]
[EventDate "2009.07.04"]
[EventType "swiss"]
[EventRounds "9"]
[EventCountry "POL"]
[SourceTitle "EXT 2011"]
[Source "ChessBase"]
[SourceDate "2010.11.26"]
[SourceVersion "1"]
[SourceVersionDate "2010.11.26"]
[SourceQuality "1"]

1. e4 c5 2. Nf3 e6 3. d4 cxd4 4. Nxd4 Nc6 5. Nc3 a6 6. Be2 Nf6 7. 0-0 Be7 8. f3 0-0 9. Be3 Qc7 10. Nxc6 dxc6 11. Na4 Qb8 12. Nb6 Ra7 13. Na4 Ra8 14. Nb6 Ra7 15. Na4 1/2-1/2

[Event "Kowalewo Pomorskie op-B"]
[Site "Kowalewo Pomorskie"]
[Date "2008.07.04"]
[Round "1.13"]
[White "Kaczmarek, Piotr1111"]
[Black "Palasz, Krzysztof"]
[Result "1-0"]
[WhiteElo "1935"]
[BlackElo "1702"]
[PlyCount "77"]
[EventDate "2008.07.04"]
[EventType "swiss"]
[EventRounds "9"]
[EventCountry "POL"]
[SourceTitle "EXT 2023"]
[Source "ChessBase"]
[SourceDate "2022.10.05"]
[SourceVersion "1"]
[SourceVersionDate "2022.10.05"]
[SourceQuality "1"]

1. e4 c5 2. Nc3 Nc6 3. g3 g6 4. Bg2 Bg7 5. d3 Rb8 6. Be3 b5 7. Qc1 d6 8. Nge2 e6 9. 0-0 Nge7 10. f4 0-0 11. e5 Nd4 12. Nxd4 cxd4 13. Bxd4 Qc7 14. Ne4 dxe5 15. fxe5 Bxe5 16. Bxe5 Qxe5 17. c3 f5 18. d4 Qc7 19. Nc5 e5 20. b4 e4 21. a4 bxa4 22. Rxa4 Nd5 23. Qd2 Qe7 24. Rfa1 Ra8 25. c4 Nb6 26. R4a3 Nxc4 27. Qa2 Qf7 28. Rxa7 Rxa7 29. Qxa7 Qd5 30. Na4 Rd8 31. Bf1 Nd2 32. Nc3 Nf3+ 33. Kf2 Qxd4+ 34. Qxd4 Nxd4 35. Ra8 Re8 36. Nd5 Kg7 37. Nc7 e3+ 38. Ke1 e2 39. Nxe8+ 1-0

[Event "POL-ch U16"]
[Site "Leba"]
[Date "2008.04.04"]
[Round "9"]
[White "Grudzien, Piotr"]
[Black "Palasz, Krzysztof"]
[Result "1-0"]
[WhiteElo "1812"]
[BlackElo "1748"]
[PlyCount "73"]
[EventDate "2008.03.29"]
[EventType "swiss"]
[EventRounds "11"]
[EventCountry "POL"]
[SourceTitle "CBM 123 Extra"]
[Source "ChessBase"]
[SourceDate "2008.05.06"]
[SourceVersion "1"]
[SourceVersionDate "2008.05.06"]
[SourceQuality "1"]

1. e4 c5 2. Nf3 e6 3. b3 Nf6 4. e5 Nd5 5. Bb2 Be7 6. g3 0-0 7. c4 Nc7 8. Bg2 Nc6 9. 0-0 d5 10. exd6 Bxd6 11. Nc3 Bd7 12. d4 Ne8 13. Ne4 cxd4 14. Nxd6 Nxd6 15. Nxd4 Qc7 16. Rc1 a6 17. Nxc6 Bxc6 18. Bh3 Nf5 19. Qh5 Be4 20. Bg2 Bxg2 21. Kxg2 Qa5 22. g4 Qd2 23. Bc3 Qh6 24. Qxh6 Nxh6 25. h3 f5 26. f3 Nf7 27. Rcd1 Rad8 28. Ba5 Rd6 29. Rxd6 Nxd6 30. Rd1 Nc8 31. Bb4 Re8 32. Rd7 b6 33. Bc3 g6 34. Rg7+ Kf8 35. Rxh7 Ne7 36. Bb4 a5 37. Bd6 1-0

[Event "POL-ch U16"]
[Site "Leba"]
[Date "2008.04.02"]
[Round "7"]
[White "Pera, Adam"]
[Black "Palasz, Krzysztof"]
[Result "1/2-1/2"]
[WhiteElo "1844"]
[BlackElo "1748"]
[PlyCount "53"]
[EventDate "2008.03.29"]
[EventType "swiss"]
[EventRounds "11"]
[EventCountry "POL"]
[SourceTitle "CBM 123 Extra"]
[Source "ChessBase"]
[SourceDate "2008.05.06"]
[SourceVersion "1"]
[SourceVersionDate "2008.05.06"]
[SourceQuality "1"]

1. d4 Nf6 2. c4 c5 3. d5 e6 4. dxe6 fxe6 5. Bg5 Be7 6. Nf3 Nc6 7. Nc3 a6 8. Qd2 Qa5 9. e3 0-0 10. Be2 Rd8 11. 0-0 Na7 12. Qc2 Nc6 13. Rad1 Qc7 14. a3 Ne5 15. Nxe5 Qxe5 16. Bf4 Qf5 17. Qxf5 exf5 18. Nd5 Nxd5 19. Rxd5 g6 20. Rfd1 Kf7 21. b3 a5 22. a4 Ra6 23. Bf3 d6 24. R5d3 g5 25. Be5 Rb6 26. Bc3 Ra6 27. e4 1/2-1/2

[Event "POL-ch U16"]
[Site "Leba"]
[Date "2008.03.30"]
[Round "2"]
[White "Skomial, Mateusz"]
[Black "Palasz, Krzysztof"]
[Result "1-0"]
[WhiteElo "1946"]
[BlackElo "1748"]
[PlyCount "69"]
[EventDate "2008.03.29"]
[EventType "swiss"]
[EventRounds "11"]
[EventCountry "POL"]
[SourceTitle "CBM 123 Extra"]
[Source "ChessBase"]
[SourceDate "2008.05.06"]
[SourceVersion "1"]
[SourceVersionDate "2008.05.06"]
[SourceQuality "1"]

1. e4 c5 2. Nf3 e6 3. d4 cxd4 4. Nxd4 Nc6 5. Nc3 Qc7 6. Ndb5 Qb8 7. Be3 a6 8. Nd4 Nf6 9. Be2 Be7 10. 0-0 0-0 11. f4 Rd8 12. Kh1 b5 13. e5 Ne8 14. Bd3 Bb7 15. Ne4 Nb4 16. Qg4 g6 17. Ng5 Nxd3 18. cxd3 Nc7 19. f5 Nd5 20. fxg6 fxg6 21. Nxh7 Qxe5 22. Bd2 Kg7 23. Rae1 Qh5 24. Qxh5 gxh5 25. Ng5 Kg6 26. Ne4 Rf8 27. Nf3 d6 28. Nxd6 Bxd6 29. Rxe6+ Rf6 30. Nh4+ Kf7 31. Rfxf6+ Nxf6 32. Rxd6 Re8 33. Bc3 Nd5 34. Rd7+ Kg8 35. Rg7+ 1-0